| 000 | 01425nam0a2200349 4500 | ||
|---|---|---|---|
| 001 | RU\NLR\bibl\1164604 | ||
| 005 | 20260405075712.0 | ||
| 010 |
_a978-5-9507-0516-8 _bУчебная литература |
||
| 010 |
_a978-5-903507-11-5 _bФедоров _9500 |
||
| 021 |
_aRU _b2007-75259 _94048 |
||
| 035 | _a(NLR Aleph) 001151323 | ||
| 090 |
_a1479472 _c1479472 |
||
| 100 | _a20071207d2007 |||y0rusy50 ca | ||
| 101 | 0 | _arus | |
| 102 | _aRU | ||
| 105 | _aa ||||||||| | ||
| 200 | 1 |
_aФилософские беседы _eметодическое пособие для учителя _fС. В. Борисов |
|
| 205 | _a2-е изд., испр. | ||
| 210 |
_aСамара _cФедоров _cУчебная литература _d2007 |
||
| 215 |
_a91, [4] с. _cил. _d22 |
||
| 225 | 1 | _aЭлективный курс для старшей профильной школы | |
| 320 | _aБиблиогр. в тексте | ||
| 606 | 1 |
_aФилософия _xПреподавание _xСредняя школа _92207875 _3RU\NLR\auth\661326437 |
|
| 686 | _aЧ426.58-2 | ||
| 700 | 1 |
_4220 _7ca _8rus _aБорисов _bС. В. _cд-р филос. наук, канд. культурологии _f1969- _gСергей Валентинович _910182 _3RU\NLR\AUTH\7727145 |
|
| 801 | 0 |
_aRU _bNLR _c20071207 _gRCR |
|
| 801 | 1 |
_aRU _bNLR _c20071207 |
|
| 942 | _cBOOK | ||
| 980 | _aNB | ||
| 980 | _aNBR | ||